[Event "TCh-TUR Super League 2014"]
[Site "Kocaeli TUR"]
[Date "2014.08.26"]
[Round "10.5"]
[Board "9"]
[White "Tasdogen, Dincer"]
[Black "Yaver, Faik Emre"]
[Result "1/2-1/2"]
[WhiteElo "1797"]
[BlackElo "1919"]
[WhiteTeam "Antalya Calli Spor Kulubu"]
[BlackTeam "Ankara Demirspor Kulubu"]
[WhiteFideId "6367097"]
[BlackFideId "6329969"]
[EventDate "2014.08.18"]

1. e4 e5 2. Nf3 Nc6 3. Nc3 Nf6 4. Bb5 Bb4 5. O-O O-O 6. d3 d6 7. Bg5 Bxc3 8.
bxc3 Qe7 9. Re1 Nd8 10. d4 Bg4 11. h3 Bh5 12. g4 Bg6 13. d5 h6 14. Bh4 c6 15.
Bd3 Re8 16. c4 a6 17. a4 Bh7 18. a5 Kh8 19. g5 hxg5 20. Bxg5 Qd7 21. Bxf6 gxf6
22. Kh2 f5 23. exf5 f6 24. Nh4 Rg8 25. Qf3 Qe7 26. Rg1 Rg5 27. Ng6+ Bxg6 28.
fxg6 Kg8 29. h4 e4 30. Qxe4 Qxe4 31. Bxe4 Re5 32. Bf3 cxd5 33. Bxd5+ Kg7 34.
Rab1 Rc8 35. Rbe1 Nc6 36. Bxc6 Rxc6 37. Rb1 Rc7 38. Rb6 Rxa5 39. Rxd6 Rh5 40.
Rg4 Rh6 41. Kg3 Rxg6 42. f4 a5 43. Rb6 Rxc4 44. Rxb7+ Kh6 45. Rxg6+ Kxg6 46. Rb5
a4 47. h5+ Kg7 48. Ra5 Kh6 49. Kg4 Rxc2 50. Rxa4 Rc5 51. Ra8 Kg7 52. Ra7+ Kh6
53. Rf7 Rxh5 54. Rxf6+ Kg7 55. Rc6 Ra5 56. Rc7+ Kf6 57. Rc6+ Kg7 58. f5 Ra1 59.
Re6 Rg1+ 60. Kf4 Rf1+ 61. Ke5 Re1+ 1/2-1/2

[Event "TCh-TUR Super League 2014"]
[Site "Kocaeli TUR"]
[Date "2014.08.26"]
[Round "10.5"]
[Board "10"]
[White "Kose, Ulya"]
[Black "Altinoz, Fevziye Ece"]
[Result "0-1"]
[WhiteElo "1512"]
[BlackElo "1488"]
[WhiteTeam "Ankara Demirspor Kulubu"]
[BlackTeam "Antalya Calli Spor Kulubu"]
[WhiteFideId "6372813"]
[BlackFideId "6358942"]
[EventDate "2014.08.18"]

1. e4 c5 2. c3 d5 3. exd5 Qxd5 4. d4 Nf6 5. Nf3 Bg4 6. Nbd2 cxd4 7. Bc4 Qd7 8.
cxd4 e6 9. Qb3 Bd6 10. Bb5 Nc6 11. Ne5 Qc7 12. Ndc4 O-O 13. Bxc6 bxc6 14. Bg5
Bxe5 15. Nxe5 Ne4 16. Bf4 Qa5+ 17. Kf1 Bf5 18. Nxc6 Qa6+ 19. Ke1 Qxc6 20. f3 Nf6
21. Rc1 Qd7 22. Be5 Nd5 23. g4 f6 24. gxf5 fxe5 25. fxe6 Qxe6 26. Kd1 exd4 27.
Rc5 Ne3+ 28. Kd2 Qxb3 29. axb3 Rfd8 30. Rg1 Rd7 31. h4 Rb8 32. h5 Rxb3 33. f4
Rxb2+ 34. Kc1 Rdb7 35. Rgg5 Rb1+ 36. Kd2 Rd1+ 37. Ke2 h6 38. Rg6 Kh7 39. f5 Rf1
40. Rc8 Rfb1 41. Rd6 Rb8 42. Rc7 Nxf5 43. Rd5 Re8+ 44. Kd2 Rb2+ 45. Kc1 Rh2 46.
Kb1 Re1+ 47. Rc1 Rxc1+ 48. Kxc1 Rxh5 49. Ra5 Ng3 50. Rxa7 Rd5 51. Kd2 Rd6 52.
Ra3 d3 53. Ra1 Ne4+ 54. Ke3 d2 0-1

[Event "TCh-TUR Super League 2014"]
[Site "Kocaeli TUR"]
[Date "2014.08.26"]
[Round "10.6"]
[Board "1"]
[White "Mamedov, Nidjat"]
[Black "Harikrishna, Pentala"]
[Result "0-1"]
[WhiteTitle "GM"]
[BlackTitle "GM"]
[WhiteElo "2624"]
[BlackElo "2725"]
[WhiteTeam "Mersin Ezgi Satranc Kulubu"]
[BlackTeam "Istanbul Teknik Universitesi Socar – K.N.I."]
[WhiteFideId "13400819"]
[BlackFideId "5007003"]
[EventDate "2014.08.18"]

1. e4 e5 2. Nf3 Nc6 3. Bb5 a6 4. Ba4 Nf6 5. O-O Be7 6. Re1 d6 7. c3 Bg4 8. d3
Nd7 9. Nbd2 Nc5 10. Bc2 Ne6 11. Nf1 Ng5 12. Bxg5 Bxg5 13. h3 Bh5 14. Ng3 Bxf3
15. Qxf3 O-O 16. Rad1 g6 17. d4 Qf6 18. Qxf6 Bxf6 19. dxe5 Nxe5 20. Re2 Nc4 21.
Bb3 Na5 22. Bc2 Rfe8 23. Nf1 Nc4 24. Bb3 Nb6 25. Nd2 Re7 26. Nc4 Nxc4 27. Bxc4
Rae8 28. Rde1 h5 29. g3 h4 30. Kg2 Kg7 31. f4 hxg3 32. Kxg3 c6 33. Bb3 g5 34.
fxg5 Bxg5 35. h4 Bf6 36. Kh3 Rh8 37. Rg1+ Kf8 38. Rg4 Re5 39. Rf2 Ke7 40. Rgf4
Rh6 41. Bd1 b5 42. h5 Rg5 43. Bg4 Rg7 44. Rc2 Be5 45. Rff2 Rh8 46. Rg2 Rhg8 47.
Rg1 d5 48. Rcg2 dxe4 49. Bf5 Rxg2 50. Rxg2 Rh8 51. Kg4 e3 52. Re2 Rg8+ 53. Kf3
Rg5 54. Ke4 Bg7 55. Rxe3 Rxh5 56. Bg4 Rh1 57. Rd3 Re1+ 58. Kf3 Rf1+ 59. Ke4 Bh6
60. Rf3 Re1+ 61. Kd4 Ra1 62. a3 Rb1 63. Rf2 Rg1 64. Bc8 c5+ 65. Kd5 Rg6 66. Re2+
Kd8 67. Bf5 Rf6 68. Ke5 Bg7 69. Rd2+ Kc7 70. Ke4 Kb6 71. a4 bxa4 72. Bd7 Bh6 73.
Rh2 Bc1 74. Kd5 a3 75. bxa3 Bxa3 76. Ra2 Bc1 77. Bc8 a5 78. Rc2 Rf1 79. Bh3 Rh1
80. Bg2 Rg1 81. Rf2 f5 82. Re2 Kb5 83. Rf2 Rd1+ 84. Ke5 f4 85. Bf1+ c4 86. Be2
Rd2 87. Ke4 Ka4 88. Kf3 Kb3 89. Rf1 Bb2 0-1

[Event "TCh-TUR Super League 2014"]
[Site "Kocaeli TUR"]
[Date "2014.08.26"]
[Round "10.6"]
[Board "2"]
[White "Can, Emre"]
[Black "Duman, Aydin"]
[Result "1-0"]
[WhiteTitle "GM"]
[WhiteElo "2529"]
[BlackElo "2244"]
[WhiteTeam "Istanbul Teknik Universitesi Socar – K.N.I."]
[BlackTeam "Mersin Ezgi Satranc Kulubu"]
[WhiteFideId "6302181"]
[BlackFideId "6301304"]
[EventDate "2014.08.18"]

1. d4 Nf6 2. c4 g6 3. Nc3 Bg7 4. e4 d6 5. Nf3 O-O 6. h3 e5 7. d5 a5 8. Bg5 Na6
9. Be2 Qe8 10. g4 Nd7 11. Rg1 Ndc5 12. a3 a4 13. Nd2 Kh8 14. Qc2 f5 15. gxf5
gxf5 16. O-O-O fxe4 17. Ncxe4 Bf5 18. Be3 c6 19. Rg5 Qd7 20. Bg4 Bxg4 21. hxg4
cxd5 22. Nxc5 Nxc5 23. Rh1 e4 24. Bxc5 dxc5 25. Rxd5 Qe7 26. Nxe4 Rae8 27. Ng5 1-0

[Event "TCh-TUR Super League 2014"]
[Site "Kocaeli TUR"]
[Date "2014.08.26"]
[Round "10.6"]
[Board "3"]
[White "Ataman, Alper Efe"]
[Black "Ipatov, Alexander"]
[Result "0-1"]
[WhiteTitle "FM"]
[BlackTitle "GM"]
[WhiteElo "2141"]
[BlackElo "2614"]
[WhiteTeam "Mersin Ezgi Satranc Kulubu"]
[BlackTeam "Istanbul Teknik Universitesi Socar – K.N.I."]
[WhiteFideId "6301606"]
[BlackFideId "14116731"]
[EventDate "2014.08.18"]

1. d4 Nf6 2. c4 e6 3. Nf3 b6 4. a3 Bb7 5. Nc3 g6 6. d5 Bg7 7. g3 exd5 8. cxd5
O-O 9. Bg2 c6 10. d6 Na6 11. O-O Nc5 12. Be3 Nfe4 13. Nxe4 Nxe4 14. Bd4 Bxd4 15.
Qxd4 c5 16. Qd3 Qf6 17. Ng5 Qxg5 18. Bxe4 Bxe4 19. Qxe4 Qd2 20. Qg4 Qxd6 21.
Rad1 Qe5 22. Rxd7 Qxb2 23. Qf3 Rac8 24. Rxa7 c4 25. Ra4 c3 26. Rb4 Qd2 27. Rbb1
c2 28. Rbc1 Rfd8 29. Kg2 b5 30. e4 Qd3 31. Qf4 Qxa3 32. h4 Qd6 33. e5 Qd4 34.
Qg5 b4 35. h5 b3 36. hxg6 Qe4+ 0-1

[Event "TCh-TUR Super League 2014"]
[Site "Kocaeli TUR"]
[Date "2014.08.26"]
[Round "10.6"]
[Board "4"]
[White "Kinsiz, Onur"]
[Black "Sengul, Cengiz"]
[Result "1/2-1/2"]
[WhiteElo "2239"]
[BlackElo "2201"]
[WhiteTeam "Istanbul Teknik Universitesi Socar – K.N.I."]
[BlackTeam "Mersin Ezgi Satranc Kulubu"]
[WhiteFideId "6301517"]
[BlackFideId "6302785"]
[EventDate "2014.08.18"]

1. e4 e5 2. Nf3 Nc6 3. Bc4 Nf6 4. d3 Bc5 5. c3 a6 6. Nbd2 Ba7 7. Bb3 d6 8. Nf1
Ng4 9. Ne3 Bxe3 10. fxe3 O-O 11. O-O Qe7 12. Bd2 Nh6 13. Be1 Be6 14. h3 Rad8 15.
Nh4 g6 16. Nf3 Kg7 17. Qe2 f6 18. Bh4 Rde8 19. Nh2 Bxb3 20. axb3 Qe6 21. b4 g5
22. Be1 Ne7 23. Rf3 Ng6 24. Nf1 f5 25. exf5 Nxf5 26. Ng3 Nxg3 27. Rxg3 h6 28.
Rg4 Kh7 29. Bg3 Rf5 30. Rf1 Ref8 31. Rxf5 Qxf5 32. Be1 Rf7 33. c4 c6 34. Bc3 d5
35. cxd5 cxd5 36. Rg3 Qe6 37. Qh5 d4 38. Bd2 dxe3 39. Rxe3 Nf4 40. Qg4 Qxg4 41.
hxg4 Rd7 42. Rxe5 Nxd3 43. Re8 Nxb2 44. Bc3 Nc4 45. Rh8+ Kg6 46. Rg8+ Kh7 47.
Rh8+ Kg6 48. Rg8+ Kf7 49. Rg7+ Ke6 50. Rg6+ Kd5 51. Rxh6 Ke4 52. Re6+ Kf4 53.
Kf2 b5 54. Rxa6 Kxg4 55. Ra8 Rd3 56. Be1 Rd5 57. Re8 Rf5+ 58. Ke2 Rd5 59. Kf2
Kf5 60. Ke2 Kg4 61. Kf2 Nd6 62. Rf8 Re5 63. Rd8 Ne4+ 64. Kf1 Ng3+ 65. Bxg3 Kxg3
66. Rd3+ Kf4 67. Kf2 Re4 68. Rb3 g4 69. g3+ Ke5 70. Rb1 Kd4 71. Rc1 Kd3 72. Rc5
Rxb4 73. Rg5 Rb2+ 74. Kf1 Rb4 75. Kf2 Kc3 76. Ke3 Kb3 77. Kd3 Ka4 78. Kc2 Re4
79. Kd3 Rc4 80. Rf5 Kb4 81. Kd2 Ka4 82. Kd3 Rb4 83. Kc2 Ka3 84. Rg5 Rb2+ 85. Kc1
b4 86. Rxg4 Rg2 87. Rg8 Kb3 88. g4 Rg1+ 89. Kd2 Kb2 90. Ke3 b3 91. Kf4 Rf1+ 92.
Ke5 Kc3 93. Rc8+ Kd3 94. Rb8 Re1+ 95. Kf6 Kc3 96. g5 b2 97. g6 Rf1+ 98. Ke7 b1=Q 1/2-1/2

[Event "TCh-TUR Super League 2014"]
[Site "Kocaeli TUR"]
[Date "2014.08.26"]
[Round "10.6"]
[Board "5"]
[White "Karamahmutoglu, Eser"]
[Black "Erdogan, Hakan"]
[Result "0-1"]
[BlackTitle "FM"]
[WhiteElo "2012"]
[BlackElo "2217"]
[WhiteTeam "Mersin Ezgi Satranc Kulubu"]
[BlackTeam "Istanbul Teknik Universitesi Socar – K.N.I."]
[WhiteFideId "6303943"]
[BlackFideId "6300359"]
[EventDate "2014.08.18"]

1. e4 c5 2. Nf3 d6 3. d4 cxd4 4. Nxd4 Nf6 5. Nc3 g6 6. Be3 Bg7 7. f3 Nc6 8. Qd2
Bd7 9. Bc4 Rc8 10. Bb3 O-O 11. O-O-O Ne5 12. h4 Nc4 13. Bxc4 Rxc4 14. h5 Nxh5
15. g4 Nf6 16. Nde2 Re8 17. Bh6 Bh8 18. Rdg1 Qa5 19. Be3 b5 20. Kb1 b4 21. Nd5
Nxd5 22. exd5 Rec8 23. Rc1 Bc3 24. Qd3 Be5 25. f4 Bg7 26. f5 Rxg4 27. fxg6 hxg6
28. Bh6 Bf6 29. Rcf1 Ba4 30. b3 Bb5 31. Qf3 Bd7 32. Bc1 Bf5 33. Bb2 Rxc2 0-1

[Event "TCh-TUR Super League 2014"]
[Site "Kocaeli TUR"]
[Date "2014.08.26"]
[Round "10.6"]
[Board "6"]
[White "Klinova, Masha"]
[Black "Kaya, Emel"]
[Result "1/2-1/2"]
[WhiteTitle "IM"]
[BlackTitle "WCM"]
[WhiteElo "2312"]
[BlackElo "2000"]
[WhiteTeam "Istanbul Teknik Universitesi Socar – K.N.I."]
[BlackTeam "Mersin Ezgi Satranc Kulubu"]
[WhiteFideId "2802015"]
[BlackFideId "6306411"]
[EventDate "2014.08.18"]

1. e4 e5 2. Nf3 Nc6 3. Bc4 Nf6 4. d3 Be7 5. Nbd2 O-O 6. O-O d6 7. Bb3 Na5 8. Ba4
c5 9. c3 a6 10. Re1 b5 11. Bc2 Re8 12. Nf1 h6 13. Ng3 Bf8 14. h3 Nc6 15. d4 cxd4
16. cxd4 exd4 17. Nxd4 Nxd4 18. Qxd4 Be6 19. Bf4 Rc8 20. Bb3 d5 21. e5 Nd7 22.
Rad1 Qh4 23. Be3 Qxd4 24. Bxd4 Nc5 25. Bc2 Ne4 26. Bxe4 dxe4 27. Nxe4 Bxa2 28.
Ra1 Bd5 29. Nd6 Bxd6 30. exd6 Rxe1+ 31. Rxe1 Be6 32. Bb6 Bf5 33. g4 Bd7 34. Re7
Rc6 35. Bc7 Rc1+ 36. Kh2 Bc6 37. d7 Bxd7 38. Rxd7 Rc2 39. Be5 Rxf2+ 40. Kg3 Re2
41. Bc3 b4 42. Bd2 a5 43. Rd3 a4 44. Bxb4 Rxb2 45. Ba3 Rb3 46. Rf3 Kh7 47. Rxb3
axb3 48. Kf4 Kg6 49. Bb2 f6 50. Bc3 h5 51. Bb2 hxg4 52. Kxg4 Kf7 53. Kf5 g6+ 54.
Ke4 Ke6 55. Bc3 g5 56. Bb2 f5+ 57. Kd4 Kf7 58. Ke3 Kg6 59. Kf3 1/2-1/2

[Event "TCh-TUR Super League 2014"]
[Site "Kocaeli TUR"]
[Date "2014.08.26"]
[Round "10.6"]
[Board "7"]
[White "Iskandarov, Misratdin"]
[Black "Sanal, Vahap"]
[Result "1-0"]
[WhiteTitle "IM"]
[BlackTitle "IM"]
[WhiteElo "2397"]
[BlackElo "2473"]
[WhiteTeam "Mersin Ezgi Satranc Kulubu"]
[BlackTeam "Istanbul Teknik Universitesi Socar – K.N.I."]
[WhiteFideId "13400312"]
[BlackFideId "6300545"]
[EventDate "2014.08.18"]

1. c4 e5 2. Nc3 Nc6 3. g3 g6 4. Bg2 Bg7 5. Rb1 d6 6. b4 Nf6 7. d3 O-O 8. e3 Ne7
9. Qb3 c6 10. Nf3 h6 11. O-O Be6 12. b5 c5 13. Ne1 d5 14. e4 d4 15. Nd5 Nexd5
16. cxd5 Bd7 17. f4 Ng4 18. Nf3 exf4 19. gxf4 Rc8 20. Qc4 Re8 21. Re1 g5 22. h3
Ne3 23. Bxe3 dxe3 24. e5 gxf4 25. Qxf4 Qa5 26. a4 c4 27. dxc4 Qxa4 28. Bf1 e2
29. Bxe2 Bxh3 30. Bd3 Rc5 31. Qg3 Bc8 32. Kh1 h5 33. e6 fxe6 34. Qg6 Re7 35. Rf1 1-0

[Event "TCh-TUR Super League 2014"]
[Site "Kocaeli TUR"]
[Date "2014.08.26"]
[Round "10.6"]
[Board "8"]
[White "Abdumalik, Zhansaya"]
[Black "Ibrahimova, Sabina"]
[Result "1/2-1/2"]
[WhiteTitle "WGM"]
[BlackTitle "WIM"]
[WhiteElo "2333"]
[BlackElo "2263"]
[WhiteTeam "Istanbul Teknik Universitesi Socar – K.N.I."]
[BlackTeam "Mersin Ezgi Satranc Kulubu"]
[WhiteFideId "13703544"]
[BlackFideId "13403893"]
[EventDate "2014.08.18"]

1. e4 c5 2. Nf3 Nc6 3. d4 cxd4 4. Nxd4 g6 5. c4 Bg7 6. Be3 Nf6 7. Nc3 O-O 8. Be2
b6 9. Ndb5 Bb7 10. O-O Ne8 11. Qd2 a6 12. Na3 Nd6 13. f3 Rb8 14. Rad1 Ba8 15.
Nc2 f5 16. exf5 Nxf5 17. Bf2 d6 18. b3 e5 19. Nd5 a5 20. Bd3 Bh6 21. Qe1 Bg5 22.
Be4 b5 23. c5 Nfd4 24. Nxd4 Nxd4 25. Bxd4 exd4 26. cxd6 Qxd6 27. Rxd4 Rbd8 28.
Kh1 Qc5 29. Rd3 Rxd5 30. Bxd5+ Bxd5 31. Qxa5 Rc8 32. Rfd1 Be6 33. Qe1 Bf7 34.
Rd7 Qf5 35. Rb7 Re8 36. Qf1 Re5 37. Re1 Rd5 38. a4 bxa4 39. bxa4 Bf6 40. Rb5 Kg7
41. Rd1 Rxd1 42. Qxd1 Qf4 43. a5 Qc4 44. Qb1 Qa4 45. g3 Bc3 46. Kg2 Qc4 47. Rb7
Qe2+ 48. Kh3 Qxf3 49. Qb5 Kh6 50. Re7 Bd5 51. Qe2 Bxa5 52. Qxf3 Bxf3 53. g4 Bd8
54. Rd7 Bf6 55. Rf7 Kg5 56. Rxh7 Bxg4+ 57. Kg2 Bh5 58. Ra7 Be5 59. Ra5 Kf4 60.
Ra4+ Kf5 61. Ra8 g5 62. Rf8+ Ke4 63. Rf1 Bf4 64. Re1+ Kf5 65. Ra1 Be5 66. Rf1+
Bf4 67. Ra1 1/2-1/2

[Event "TCh-TUR Super League 2014"]
[Site "Kocaeli TUR"]
[Date "2014.08.26"]
[Round "10.6"]
[Board "9"]
[White "Duman, Necdet"]
[Black "Aydincelebi, Kagan"]
[Result "1-0"]
[BlackTitle "FM"]
[WhiteElo "1623"]
[BlackElo "1811"]
[WhiteTeam "Mersin Ezgi Satranc Kulubu"]
[BlackTeam "Istanbul Teknik Universitesi Socar – K.N.I."]
[WhiteFideId "6321810"]
[BlackFideId "6361102"]
[EventDate "2014.08.18"]

1. e4 c5 2. Nf3 g6 3. d3 Bg7 4. g3 Nc6 5. Bg2 d6 6. O-O Nf6 7. c3 O-O 8. h3 Bd7
9. Be3 Rb8 10. Nbd2 b5 11. d4 cxd4 12. Nxd4 Qc7 13. Nxc6 Bxc6 14. Qc2 Nd7 15.
Nb3 Ne5 16. Nd4 Bd7 17. b3 Rfc8 18. Rac1 a6 19. Qd2 Qa5 20. Rfd1 Nc6 21. Nxc6
Bxc6 22. Bd4 Bxd4 23. cxd4 Qxd2 24. Rxd2 Bd7 25. Rdc2 Kf8 26. h4 Ke8 27. e5 Rxc2
28. Rxc2 Rc8 29. Rxc8+ Bxc8 30. b4 Kd8 31. f4 Kc7 32. Kf2 h5 33. Ke3 e6 34. d5
dxe5 35. fxe5 exd5 36. Bxd5 Be6 37. Kd4 Kb6 38. a3 a5 39. Ke4 axb4 40. axb4 Kc7
41. Bxe6 fxe6 42. Kf4 Kc6 43. Kg5 Kd5 44. Kf6 1-0

[Event "TCh-TUR Super League 2014"]
[Site "Kocaeli TUR"]
[Date "2014.08.26"]
[Round "10.6"]
[Board "10"]
[White "Hereklioglu, Sude"]
[Black "Mutlu, Beste"]
[Result "0-1"]
[WhiteTitle "WCM"]
[WhiteElo "1846"]
[BlackElo "1629"]
[WhiteTeam "Istanbul Teknik Universitesi Socar – K.N.I."]
[BlackTeam "Mersin Ezgi Satranc Kulubu"]
[WhiteFideId "6359531"]
[BlackFideId "6325050"]
[EventDate "2014.08.18"]

1. e4 d6 2. d4 Nf6 3. Nc3 e5 4. Nf3 Nbd7 5. Bc4 Be7 6. O-O O-O 7. h3 c6 8. a4 a5
9. Re1 Nb6 10. Bb3 Nfd7 11. Be3 exd4 12. Nxd4 Nc5 13. Qf3 Nxb3 14. cxb3 Be6 15.
Rad1 Re8 16. Nxe6 fxe6 17. Qg4 Bf8 18. e5 d5 19. Bg5 Qc7 20. Rd3 Nd7 21. f4 Kh8
22. Rg3 Nc5 23. Kh1 Qf7 24. Rf3 Qf5 25. Qxf5 exf5 26. g4 g6 27. gxf5 gxf5 28.
Bf6+ Bg7 29. Bxg7+ Kxg7 30. Rg1+ Kf7 31. Rg5 Ke6 32. Ne2 Rg8 33. Nd4+ Kd7 34.
Rxf5 Rg7 35. h4 Ne4 36. e6+ Ke7 37. Re5 Kf6 38. Nf5 Rg4 39. e7 Rxf4 40. Rxd5
cxd5 41. Rxf4 Ke5 42. Rf3 Re8 43. Kg2 d4 44. Nh6 Rxe7 45. Rf5+ Ke6 46. Rxa5 d3
47. Kf3 d2 48. Ke2 Rd7 49. Kd1 Nf2+ 0-1

[Event "TCh-TUR Super League 2014"]
[Site "Kocaeli TUR"]
[Date "2014.08.27"]
[Round "11.1"]
[Board "1"]
[White "Onischuk, Vladimir"]
[Black "Mamedov, Nidjat"]
[Result "1-0"]
[WhiteTitle "GM"]
[BlackTitle "GM"]
[WhiteElo "2593"]
[BlackElo "2624"]
[WhiteTeam "Ankara Demirspor Kulubu"]
[BlackTeam "Mersin Ezgi Satranc Kulubu"]
[WhiteFideId "14114038"]
[BlackFideId "13400819"]
[EventDate "2014.08.18"]

1. e4 e5 2. Nf3 Nc6 3. Bb5 a6 4. Ba4 Nf6 5. O-O Be7 6. d3 d6 7. c4 Bg4 8. Be3
Nd7 9. Nbd2 O-O 10. h3 Bh5 11. a3 Bg6 12. g4 h5 13. Kg2 Qc8 14. Kg3 Nc5 15. Bxc5
dxc5 16. Bxc6 bxc6 17. Nxe5 Bd6 18. f4 Bxe5 19. fxe5 Rd8 20. Qe2 Qd7 21. Nf3
Rab8 22. Rad1 Rb3 23. Rd2 a5 24. Rc1 Rdb8 25. Rc3 Rxc3 26. bxc3 Rb3 27. Kf4 Rxc3
28. Qe3 Rxa3 29. Rb2 f6 30. Rb8+ Kh7 31. exf6 gxf6 32. Qxc5 Rxd3 33. e5 Qe6 34.
Rf8 Rc3 35. Rxf6 Rxc4+ 36. Kg3 Rxc5 37. Ng5+ Kh6 38. Nxe6 Rxe5 39. Nf4 Rg5 40.
Rxc6 a4 41. Ra6 a3 42. Nxh5 Rxh5 43. gxh5 Kxh5 44. Rxa3 c6 45. Ra5+ Kh6 46. Kg4
Be4 47. Ra8 Bd5 48. Rd8 Kg6 49. Rd6+ Kg7 50. Kg5 Kh7 51. Rd7+ Kg8 52. h4 Bb3 53.
Rc7 Bd5 54. Kf6 Kh8 55. Rg7 Bc4 56. Kg6 Bd3+ 57. Kh6 Bb5 58. Rg4 c5 59. Rg7 Bc4
60. Rc7 Kg8 61. Rxc5 Bd3 62. Rc8+ Kf7 63. Rc3 Be4 64. Rg3 Bc2 65. Rg1 Kf8 66.
Rg2 Bd3 67. Rg3 Bc2 68. Rg5 Kf7 69. Rg2 Bd3 70. Rd2 Be4 71. Rd4 Bc2 72. Rd7+ Kf8
73. Rd8+ Kf7 74. Rc8 Bd3 75. Rb8 Be4 76. Rb4 Bd3 77. Ra4 Bc2 78. Ra3 Be4 79. Rc3
Kf8 80. Kg5 Kg7 81. Rc7+ Kg8 82. Ra7 Bd3 83. Kh6 Kf8 84. Rd7 Be4 85. Rd1 Kf7 86.
Rg1 Bc2 87. Rg3 Kf8 88. Kh5 Kf7 89. Rg2 Bd3 90. Rg3 Bc2 91. Rc3 Be4 92. Re3 Bc2
93. Rg3 Kf8 94. Rg5 Bd1+ 95. Kg6 Kg8 96. Rc5 Bg4 97. Rc7 1-0

[Event "TCh-TUR Super League 2014"]
[Site "Kocaeli TUR"]
[Date "2014.08.27"]
[Round "11.1"]
[Board "2"]
[White "Duman, Aydin"]
[Black "Baklan, Vladimir"]
[Result "0-1"]
[BlackTitle "GM"]
[WhiteElo "2244"]
[BlackElo "2655"]
[WhiteTeam "Mersin Ezgi Satranc Kulubu"]
[BlackTeam "Ankara Demirspor Kulubu"]
[WhiteFideId "6301304"]
[BlackFideId "14102196"]
[EventDate "2014.08.18"]

1. e4 c5 2. Nf3 Nc6 3. Bb5 g6 4. O-O Bg7 5. Re1 Nf6 6. e5 Nd5 7. Nc3 Nc7 8. Bxc6
dxc6 9. Ne4 Ne6 10. d3 O-O 11. Be3 b6 12. Qd2 f5 13. exf6 exf6 14. Bh6 a5 15.
Bxg7 Kxg7 16. Ng3 Ra7 17. Re4 f5 18. Re5 Nd4 19. Rae1 Nxf3+ 20. gxf3 f4 21. Qc3
Kh6 22. Ne4 Bf5 23. Qd2 Qh4 24. Ng3 Bh3 25. R1e4 Raf7 26. Ne2 Kg7 27. Qc3 Kh6
28. Qd2 Rf5 29. Rxf5 Rxf5 30. Ng3 Qg5 31. b3 b5 32. a4 b4 33. Qc1 fxg3 34. Rh4+
Kg7 35. Qxg5 Rxg5 36. Rxh3 gxh2+ 37. Kxh2 Rh5 38. Rxh5 gxh5 39. Kg3 Kf6 40. Kf4
h6 0-1

[Event "TCh-TUR Super League 2014"]
[Site "Kocaeli TUR"]
[Date "2014.08.27"]
[Round "11.1"]
[Board "3"]
[White "Keler, Faruk"]
[Black "Ataman, Alper Efe"]
[Result "1/2-1/2"]
[BlackTitle "FM"]
[WhiteElo "2242"]
[BlackElo "2141"]
[WhiteTeam "Ankara Demirspor Kulubu"]
[BlackTeam "Mersin Ezgi Satranc Kulubu"]
[WhiteFideId "6302734"]
[BlackFideId "6301606"]
[EventDate "2014.08.18"]

1. d4 g6 2. c4 Bg7 3. Nf3 d6 4. g3 Nd7 5. Bg2 e5 6. Nc3 Ne7 7. O-O O-O 8. e4
exd4 9. Nxd4 Nc6 10. Nde2 a5 11. Rb1 Nc5 12. Be3 Re8 13. Bxc5 dxc5 14. Qxd8 Nxd8
15. Nd5 Ne6 16. Nef4 Be5 17. Nd3 Bd4 18. N3f4 Be5 19. Nd3 Bd4 20. N3f4 1/2-1/2

[Event "TCh-TUR Super League 2014"]
[Site "Kocaeli TUR"]
[Date "2014.08.27"]
[Round "11.1"]
[Board "4"]
[White "Sengul, Cengiz"]
[Black "Tuncer, Ufuk"]
[Result "1-0"]
[BlackTitle "FM"]
[WhiteElo "2201"]
[BlackElo "2341"]
[WhiteTeam "Mersin Ezgi Satranc Kulubu"]
[BlackTeam "Ankara Demirspor Kulubu"]
[WhiteFideId "6302785"]
[BlackFideId "6300847"]
[EventDate "2014.08.18"]

1. d4 g6 2. c4 Bg7 3. Nc3 d6 4. e4 Nd7 5. Nf3 e5 6. Bg5 Ne7 7. dxe5 dxe5 8. Qc2
c6 9. O-O-O Qc7 10. Qd2 h6 11. Be3 b6 12. h4 Bb7 13. g3 Nf8 14. Bh3 Bc8 15. Bxc8
Rxc8 16. h5 g5 17. c5 Ne6 18. cxb6 axb6 19. Kb1 O-O 20. Qd7 b5 21. Rd6 Rfe8 22.
Rhd1 b4 23. Na4 Qa5 24. b3 Rcd8 25. Qa7 Qxa7 26. Bxa7 Rxd6 27. Rxd6 Nc8 28. Rd7
Nxa7 29. Rxa7 Rd8 30. Nb2 g4 31. Nh2 Nc5 32. Nxg4 Nxe4 33. Nc4 Nc3+ 34. Kc2 Nb5
35. Ra6 f6 36. Nge3 Nd4+ 37. Kc1 Ne2+ 38. Kc2 Nd4+ 39. Kb1 f5 40. Ra5 f4 41.
gxf4 exf4 42. Nf5 Re8 43. Nxd4 Bxd4 44. Rf5 Bxf2 45. Rxf4 Rf8 46. Rxf8+ Kxf8 47.
Ne5 c5 48. Ng4 Bd4 49. Nxh6 Ke8 50. Kc2 Kd7 51. Kd3 Ke6 52. Ke4 Kf6 53. Nf5 1-0

[Event "TCh-TUR Super League 2014"]
[Site "Kocaeli TUR"]
[Date "2014.08.27"]
[Round "11.1"]
[Board "5"]
[White "Yuksel, Atilla Koksal"]
[Black "Hajiyev, Shahin"]
[Result "1-0"]
[WhiteTitle "CM"]
[WhiteElo "2107"]
[BlackElo "2014"]
[WhiteTeam "Ankara Demirspor Kulubu"]
[BlackTeam "Mersin Ezgi Satranc Kulubu"]
[WhiteFideId "6306667"]
[BlackFideId "13401238"]
[EventDate "2014.08.18"]

1. e4 e5 2. f4 exf4 3. Nf3 d6 4. d4 g5 5. h4 g4 6. Ng1 Bh6 7. Nc3 c6 8. Be2 Nf6
9. e5 dxe5 10. dxe5 Qxd1+ 11. Bxd1 Nh5 12. Ne4 O-O 13. Nd6 Ng3 14. Nxc8 Rxc8 15.
Rh2 f5 16. exf6 Re8+ 17. Kf2 Ne4+ 18. Kf1 g3 19. Rh3 Nf2 20. f7+ Kxf7 21. Bh5+
Kf8 22. Bxe8 Kxe8 23. Rxg3 fxg3 24. Bxh6 Nd7 25. Bf4 Ne4 26. Re1 Nf6 27. Bxg3
Kf7 28. Bf4 Rg8 29. Nf3 Ng3+ 30. Bxg3 Rxg3 31. Kf2 Rg7 32. Ng5+ Kg6 33. Kf3 Rd7
34. Re5 h6 35. Ne6 Kf7 36. Nc5 Rc7 37. g4 b6 38. Nd3 c5 39. Rf5 Kg7 40. g5 hxg5
41. hxg5 Ne8 42. Re5 Nd6 43. Kg4 Nf7 44. Rd5 Re7 45. Nf4 Ne5+ 46. Kf5 Nd7 47.
Nh5+ Kf8 48. g6 Ke8 49. Rxd7 1-0